Online
Catalog

Joaquín Costa, filósofo del derecho / (Record no. 13503)

MARC details
000 -CABECERA
campo de control de longitud fija 00725cam a2200193 a 4500
001 - NÚMERO DE CONTROL
campo de control 000013898
005 - FECHA Y HORA DE LA ÚLTIMA TRANSACCIÓN
campo de control 20250710115845.0
008 - DATOS DE LONGITUD FIJA--INFORMACIÓN GENERAL
campo de control de longitud fija 850226s1965 es 001 0 spa
040 ## - FUENTE DE LA CATALOGACIÓN
Centro catalogador/agencia de origen DO-SdBNP
Lengua de catalogación spa
Centro/agencia transcriptor CarP
Centro/agencia modificador DLC
-- BNPHU
082 ## - NÚMERO DE LA CLASIFICACIÓN DECIMAL DEWEY
Número de clasificación 340.1
Número de documento/Ítem C837L
049 ## - FONDOS LOCALES (OCLC)
Fondos de biblioteca BNGR
100 1# - ENTRADA PRINCIPAL--NOMBRE DE PERSONA
Nombre de persona López Calera, Nicolás María.
Fechas asociadas al nombre 1938-
9 (RLIN) 31491
245 10 - MENCIÓN DE TÍTULO
Título Joaquín Costa, filósofo del derecho /
Mención de responsabilidad, etc. Nicolás María López Calera.
260 ## - PUBLICACIÓN, DISTRIBUCIÓN, ETC.
Lugar de publicación, distribución, etc. Zaragosa, (España) :
Nombre del editor, distribuidor, etc. Consejo Superior de Investigaciones Científicas, Institución "Fernando El Católico",
Fecha de publicación, distribución, etc. 1965.
300 ## - DESCRIPCIÓN FÍSICA
Extensión 220 p. ;
Dimensiones 24 cm.
650 #0 - PUNTO DE ACCESO ADICIONAL DE MATERIA--TÉRMINO DE MATERIA
Término de materia o nombre geográfico como elemento de entrada Derecho
Subdivisión general Filosofía
9 (RLIN) 30722
600 14 - PUNTO DE ACCESO ADICIONAL DE MATERIA--NOMBRE DE PERSONA
Nombre de persona COSTA, JOAQUÍN
Fechas asociadas al nombre 1846-1911
9 (RLIN) 31492
910 ## - DATOS DE OPCIÓN DEL USUARIO (OCLC)
Datos de opción del usuario Catalogación por copia / LC
999 ## - NÚMEROS DE CONTROL DE SISTEMA (KOHA)
-- 0000195
Holdings
Estado de retiro Estado de pérdida Restricciones de uso No para préstamo Código de colección Localización permanente Ubicación/localización actual Ubicación en estantería Fecha de adquisición Número de inventario Total de préstamos Signatura topográfica completa Código de barras Fecha visto por última vez Precio válido a partir de Tipo de ítem Koha
    Préstamo interno   Monografías: Libros y Folletos General General En catalogación 01.12.2009 LF1   340.1 C837L 13898-10 25.06.2020 25.06.2020 Préstamo interno

Powered by Koha